000 01398nam a2200337 i 4500
001 000007066
003 DO-SdBNP
005 20260415201059.0
007 ta
008 090904s2004 dr 000 0 spa d
040 _aDO-SdBNP
_bspa
_cBNPHU
_erda
041 _aspa
082 4 _aRD860.4409
_bR789L
_222
100 1 _aRosario Candelier, Bruno,
_d1941-
_9851
_eautor
_4aut.
245 1 0 _aLenguaje, identidad y tradición en las letras dominicanas :
_bde Javier Angulo Guridi a Manuel Salvador Gautier /
_cBruno Rosario Candelier.
250 _aPrimera edición
264 _aSanto Domingo :
_bUniversidad APEC, Academia Dominicana de la Lengua, Letra Gráfica,
_c2004.
300 _a510 páginas ;
_c23 cm.
336 _atexto
_btxt
_2rdacontent
337 _asin mediación
_bn
_2rdamedia
338 _avolumen
_bnc
_2rdacarrier
490 1 _aColección A la zaga de tu huella
_v2
500 _aIncluye datos biográficos del autor en las solapas
500 _aIncluye referencias bibliográficas y notas al pie de las páginas
650 7 _aLiteratura dominicana
_xHistoria y crítica
_2LEMB
_9159
650 0 _a Identidad (Concepto filosófico) en la literatura
_989315
650 7 _aCaracterísticas nacionales dominicanas en la literatura
_2LIBRUNAM
_989316
830 0 _aColección A la zaga de tu huella
_n2
_919648
910 _aValidado. Control de calidad MFF
942 _2ddc
_cLBS1
999 _c6849
_d6849